Дунавски новели (Запис номер 547209)
[ съкратено ]
| 000 -Лидер | |
|---|---|
| Контролно поле с фиксирана дължина | 00909nam a2200229 a 4500 |
| 005 - Дата и час на последна редакция | |
| Контролно поле | 20250724150006.0 |
| 008 - Елементи от данни с фиксирана дължина | |
| fixed length control field | 180409b bul|||||r ||||||| ||bul|| |
| 020 ## - Международен стандартен номер на книга ISBN | |
| Международен стандартен номер на книга ISBN | 978-619-245-484-5 |
| 040 ## - Източник на каталожния запис | |
| Идентификатор на билиотеката - собственик на записа | BLK |
| 041 ## - Код за език | |
| Код за езика на текст/звукозапис или на отделно заглавие | Български |
| Код за езика КДБФ | Български |
| 080 ## - УДК | |
| Текстов определител УДК | Българска литература |
| УДК код - определител по УДК | 821.163.2 |
| УДК определител | -32 |
| УДК - код + определител | 821.163.2-32 |
| 100 1# - Редна дума - Автор | |
| Автор | Зарев, Владимир Пантелеев |
| Авторска отговорност | първи автор |
| Автор - информация (биография) | Пантев, Владимир Пантелеев |
| R(LIN) | 277642 |
| 139 ## - Редно поле | |
| Редна дума | Зарев, Владимир Пантелеев |
| Авторски знак | Зар - З 34 |
| 245 10 - Сведения за заглавието | |
| Заглавие | Дунавски новели |
| Редно поле (дума) | Владимир Зарев. |
| 250 ## - Област на изданието | |
| Сведения за изданието | [2. изд.] |
| 257 ## - Страна на издаване | |
| Страна на създаване/издаване | България |
| 260 ## - Област на издателските данни | |
| Място на издаване, разпространение и проч. | София |
| Име на издателя, разпространителя и проч. | Акад. изд. Проф. Марин Дринов |
| Година на издаване | 2024 |
| 9 (RLIN) | 209388 |
| Издателство - префикс ISBN | 978-954-322- ; 954-430- |
| 300 ## - Физическа характеристика | |
| Страници | 391 с. |
| Размери/Мащаб | 22 см |
| 380 ## - Жанр | |
| Жанр | Худож. лит. |
| 500 ## - Общи забележки | |
| Забележка | 1. изд. 1974 на изд. Нар. младеж |
| 942 ## - АРТИКУЛИ | |
| Вид на библиотечния материал | Книги |
| Скрит в OPAC | Не |
| Периодичен библиозапис | Да |
| 999 ## - СИСТЕМНИ КОНТРОЛНИ НОМЕРА | |
| Koha biblionumber | 547209 |
| Koha biblioitemnumber | 547209 |
| 944 ## - СЪЗДАВАНЕ И РЕДАКЦИЯ на ЗАПИСА | |
| Създаване/Редакция | |
| Дата на регистрацията/редакция | Нора Радева |
| Служител, извършил регистрацията/редакцията | 30545 |
| Статус, дата на статуса | Нора Радева |
Няма налични копия.